Logo BPK

Bibliografia Prac Pracowników

Politechniki Koszalińskiej

Zastosowanie algorytmów genetycznych do problemu komiwojażera w środowisku Delphi / (Rekord nr 8471)

Szczegóły MARC
000 -ETYKIETA REKORDU
podpole kontrolne o stałej długości 00928naa a22001811i 4500
003 - IDENTYFIKATOR NUMERU KONTROLNEGO REKORDU
podpole kontrolne KOSZ 005
005 - DATA OSTATNIEJ MODYFIKACJI REKORDU
podpole kontrolne 20180207090456.0
008 - POLE O STAŁEJ DŁUGOŚCI - DANE KONTROLNE
podpole kontrolne o stałej długości 170613s2002 pol||||f |||| 10| 0 pol d
040 ## - ŹRÓDŁO KATALOGOWANIA
Instytucja, która utworzyła rekord KOSZ 005/ac
100 1# - NAZWA OSOBOWA
Nazwa osobowa SŁOWIK, Adam.
Lata pracy 2005 - .
Instytucja Politechnika Koszalińska - Wydział Elektroniki i Informatyki,
Wydział Katedra Inżynierii Komputerowej
245 10 - TYTUŁ/ODPOWIEDZIALNOŚĆ
Tytuł Zastosowanie algorytmów genetycznych do problemu komiwojażera w środowisku Delphi /
Pozostałe elementy strefy tytułu i oznaczenia odpowiedzialności Adam Słowik, Ireneusz Płocha.
500 ## - UWAGI OGÓLNE
Tekst uwagi Dane z listy A.Słowik.
650 #4 - HASŁO PRZEDMIOTOWE W FORMIE NAZWY OGÓLNEJ LUB JEDNOSTKOWEJ
Nazwa ogólna lub geograficzna Algorytmy genetyczne.
655 #4 - TERMIN INDEKSOWY - OKREŚLENIE RODZAJU/FORMY DOKUMENTU
Określnie rodzaju/formy dokumentu Materiały konferencyjne.
773 0# - TYTUŁ DOKUMENTU MACIERZYSTEGO
Wyrażenie wprowadzające W :
Tytuł XXIII Międzynarodowe Sympozjum Naukowe Studentów i Młodych Pracowników Nauki. -
Adres wydawniczy Zielona Góra : Uniwersytet Zielonogórski, 2002. -
Informacje dotyczące relacji s. 59-66.
711 22 - HASŁO DODATKOWE - NAZWA IMPREZY
Nazwa imprezy Międzynarodowe Sympozjum Naukowe Studentów i Młodych Pracowników Nauki
Oznaczenie części/sekcji dzieła (23 ;
Data imprezy 2002.05 ;
Miejsce imprezy Zielona Góra, Polska).
942 ## - HASŁO DODATKOWE - ELEMENTY(KOHA)
Typ dokumentu Rozdział
Schemat klasyfikacji Uniwersalna klasyfikacja dziesiętna

Brak dostępnych egzemplarzy.

© 2014 Biblioteka Politechniki Koszalińskiej :: BIBLIOGRAFIA PRAC PRACOWNIKÓW